000 00970nam a22003137a 4500
001 0005146
003 KOHA_MİRAKIL
005 20260207001433.0
007 ta
008 090508b1987 ohu |||gr||||#||||0|eng |
020 _a0675205573
040 _aTR-BiSEU
_btur
_cTR-BiSEU
_erda
041 0 _aeng
044 _cohu
050 _aHF5548
_b.R67 1987
100 1 _aRosen, Arnold.
245 1 _aOffice automation and information systems/
_cArnold Rosen ; Arnold Rosen.
264 1 _aColumbus :
_bMerrill Pub. Co.
_c1987
300 _axvi, 363 sayfa: resimli
336 _ametin
_btxt
_2rdacontent
337 _aaracısız
_bn
_2rdamedia
338 _acilt
_bnc
_2rdacarrier
490 0 _aThe Merrill series in computer information systems
500 _aDizin var.
650 0 _aOffice practice--Automation.
_912309
650 0 _aBusiness--Data processing.
_93181
830 0 _aThe Merrill series in computer information systems
_912310
942 _2lcc
_cBK
999 _c5128
_d5128